| 000 | 00710nam a2200241Ia 4500 | ||
|---|---|---|---|
| 003 | OSt | ||
| 005 | 20220918105606.0 | ||
| 006 | a|||||r|||| 00| 0 | ||
| 007 | ta | ||
| 008 | 220915b |||||||| |||| 00| 0 eng d | ||
| 024 | _a15715 | ||
| 037 | _cReference Collections | ||
| 040 |
_aARTS _cARTS _beng |
||
| 041 |
_2eng _aeng |
||
| 082 | _aNQ44,J8(Z,8):g(Y), L5(RR) | ||
| 100 |
_aRay Niharranjan _92477 |
||
| 245 | 0 |
_aMughal court painting _b A study in social and formal analysis |
|
| 260 |
_aCalcutta _bIndian Museum _c1975 |
||
| 300 | _axi, 226p. | ||
| 650 | _aARTS | ||
| 942 |
_hNQ44,J8(Z,8):g(Y), L5(RR) _cREF |
||
| 999 |
_c108305 _d108305 |
||